Hinduism : (Record no. 138605)

MARC details
000 -LEADER
fixed length control field 00518nam a22001817a 4500
005 - DATE AND TIME OF LATEST TRANSACTION
control field 20170331144325.0
010 ## - LCCN (DPL NO)
LC control number ENG-117676
020 ## - INTERNATIONAL STANDARD BOOK NUMBER
International Standard Book Number 9789382633358
Terms of availability 700.00
035 ## - SYSTEM CONTROL NUMBER
System control number EN-101208
037 ## - SOURCE OF ACQUISITION
Source of stock number/acquisition DABD/PUB
082 ## - DEWEY DECIMAL CLASSIFICATION NUMBER
Classification number 230.64
100 ## - MAIN ENTRY--PERSONAL NAME
Personal name Dwivedi, Richa
245 ## - TITLE STATEMENT
Title Hinduism :
Statement of responsibility, etc by Richa Dwivedi
Remainder of title worship & festival /
260 ## - PUBLICATION, DISTRIBUTION, ETC. (IMPRINT)
Place of publication, distribution, etc Allahabad
Name of publisher, distributor, etc Shabd Prakashan
Date of publication, distribution, etc 2016
270 ## - ADDRESS
Address 116/70, Lukerganj
City Allahabad
Postal code 211001
300 ## - PHYSICAL DESCRIPTION
Extent 160p.
Dimensions 21cm(Hb)
942 ## - ADDED ENTRY ELEMENTS (KOHA)
Source of classification or shelving scheme Dewey Decimal Classification
Item type English Books
Classification part 230.64
Call number suffix DWI
Holdings
Withdrawn status Lost status Not for loan Collection code Home library Current library Date acquired Source of acquisition Cost, normal purchase price Full call number Barcode Copy number Cost, replacement price Koha item type
      Non-fiction Katevara Katevara 31/03/2017 DBAD/PUB 700.00 230.64 DWI EN-101208 1 700.00 English Books

© Delhi Public Library
Hit Counter
free hit counter